|
|
|
|
| LEADER |
00667nam 22002052a 4500 |
| 001 |
000814323 |
| 003 |
CZ BrMZK |
| 005 |
20111207133617.0 |
| 007 |
ta |
| 008 |
060418s1977 ru er|||||||||||rus d |
| 040 |
|
|
|a BOA001
|b cze
|c BOA001
|
| 100 |
1 |
|
|a Krjukov, N.
|4 aut
|
| 245 |
1 |
0 |
|a Russkije sovetskije pesni (1917-1977) /
|c sost. M. Krjukov, Ja. Švedov
|
| 260 |
|
|
|a Moskva :
|b Chudožestvennaja literatura,
|c 1977
|
| 300 |
|
|
|a 750 s.
|
| 700 |
1 |
|
|a Švedov, Jakov Zacharovič,
|d 1905-1985
|7 mzk2010597335
|4 aut
|
| 910 |
|
|
|a BOA001
|b 2-0779.573
|
| 990 |
|
|
|a BK
|
| 991 |
|
|
|b 200604
|
| 996 |
7 |
|
|b 2619226885
|c 2-0779.573
|l MZK
|r Sklad / do 1 hodiny
|n 1
|w 000814323
|u 000010
|a 1
|e BOA001
|j MZK50
|s A
|